| 000 | 00708nam a2200229Ia 4500 | ||
|---|---|---|---|
| 003 | OSt | ||
| 005 | 20240727115440.0 | ||
| 008 | 210716s2014 xx 000 0 und d | ||
| 020 | _a9789384038175 | ||
| 040 | _cAIMIT LIBRARY | ||
| 041 | _aeng | ||
| 082 |
_a374.22 _21 _bSENS |
||
| 100 |
_aSen, Shuvendu. _9174271 |
||
| 245 |
_aDoctors diary : _breflections on health healing and hope / _cBy Shuvendu Sen. |
||
| 250 | _a1st ed. | ||
| 260 |
_aNew Delhi ; _c2014. _bTimes Group Books , |
||
| 300 |
_a200p. ; _bPB _c22 cm |
||
| 650 |
_aGeneral Management Disease and awareness _9174272 |
||
| 650 |
_aPhysicians and patients _9174273 |
||
| 650 |
_aCure and care _9174274 |
||
| 942 |
_2ddc _cBK _e1st _k374.22 SENS |
||
| 999 |
_c209138 _d209138 |
||